| Tag |
First Indicator |
Second Indicator |
Subfields |
| LEADER |
00000cam a2200000 a 4500 |
| 001 |
in00000825921 |
| 005 |
20151018121338.0 |
| 008 |
820120s1981 mnua b f00010 eng d |
| 010 |
|
|
|a gp 82004369
|
| 035 |
|
|
|a (OCoLC)08097709
|
| 035 |
|
|
|9 ADW8357AM
|
| 040 |
|
|
|a GPO
|c GPO
|d UtOrBLW
|
| 074 |
|
|
|a 83-B
|
| 086 |
0 |
|
|a A 13.78:NC-193
|
| 100 |
1 |
|
|a Lundgren, Allen L.
|
| 245 |
1 |
4 |
|a The effect of initial number of tree per acre and thinning densities on timber yields from red pine plantations in the Lake States /
|c Allen L. Lundgren.
|
| 264 |
|
1 |
|a St. Paul, Minn. :
|b North Central Forest Experiment Station, Forest Service, U.S. Dept. of Agriculture,
|c 1981.
|
| 300 |
|
|
|a 25 pages :
|b illustrations ;
|c 28 cm.
|
| 336 |
|
|
|a text
|b txt
|2 rdacontent
|
| 337 |
|
|
|a unmediated
|b n
|2 rdamedia
|
| 338 |
|
|
|a volume
|b nc
|2 rdacarrier
|
| 490 |
1 |
|
|a USDA Forest Service research paper NC ;
|v 193
|
| 500 |
|
|
|a Cover title.
|
| 500 |
|
|
|a Bibliography: pages 24-25.
|
| 650 |
|
0 |
|a Red pine
|z Great Lakes Region (North America)
|
| 650 |
|
0 |
|a Forest management
|z GGreat Lakes Region (North America)
|
| 710 |
2 |
|
|a North Central Forest Experiment Station (Saint Paul, Minn.)
|
| 830 |
|
0 |
|a USDA Forest Service research paper NC ;
|v 193.
|
| 999 |
|
|
|a MARS
|
| 999 |
f |
f |
|s fe20a5fb-24bf-39b1-8610-0bf975cd70ed
|i 00b6be43-a1f0-37e1-98ff-83d1304efd9a
|t 0
|
| 952 |
f |
f |
|p normal
|a Texas A&M University
|b College Station
|c Sterling C. Evans Library
|d Evans: US Documents (Annex 5th floor)
|t 0
|e A 13.78:NC-
|h Superintendent of Documents classification
|i unmediated -- volume
|m A14826676965
|
| 952 |
f |
f |
|a Texas A&M University
|b College Station
|c Sterling C. Evans Library
|d Evans: US Documents (Annex 5th floor)
|t 0
|e A 13.78:NC-
|h Superintendent of Documents classification
|
| 998 |
f |
f |
|a A 13.78:NC-
|s 167-169,171-172
|t 0
|l Evans: US Documents (Annex 5th floor)
|